| 000 | 00479nam a2200193Ia 4500 | ||
|---|---|---|---|
| 008 | 191126s9999 xx 000 0 und d | ||
| 020 | _a007014110x | ||
| 041 | _a18+962 | ||
| 041 | _aENGLISH | ||
| 082 | _a624.012.35 PIL | ||
| 100 | _aPillai (Unnikrishnan S); Menon (Devdas) | ||
| 245 | 0 | _aReinforced Concrete Design | |
| 250 | _n3 | ||
| 260 |
_bTMH _c18+962 |
||
| 365 |
_b425 _dRupees |
||
| 563 | _aPaper Pack | ||
| 650 | _aReinforced Concrete Structures | ||
| 942 | _cBK | ||
| 999 |
_c57796 _d57796 |
||